| 000 | 00529cam a22002051 4500 | ||
|---|---|---|---|
| 001 | ne 68001778 | ||
| 003 | DLC | ||
| 005 | 20260227111841.0 | ||
| 008 | 940319s1965 tu 000 0 tur | ||
| 010 | _ane 68001778 | ||
| 035 | _a(OCoLC)29989941 | ||
| 040 |
_aDLC _cCU _dDLC |
||
| 042 | _apremarc | ||
| 050 | 0 | 0 |
_aJN9798.A1 _bS2 |
| 100 | 1 | _aŞahoğlu, Fikret. | |
| 245 | 1 | 0 | _aA. P.ʼnin içyüzü. |
| 260 |
_a[İstanbul, _bİsteme adresi: Toplum Yayınları, _c1965] |
||
| 300 |
_a88 p. _c21 cm. |
||
| 610 | 2 | 0 | _aAdalet Partisi. |
| 999 |
_c50369 _d50369 |
||